| 000 | 00433nam a22001817a 4500 | ||
|---|---|---|---|
| 003 | CEME | ||
| 005 | 20210628205121.0 | ||
| 008 | 210226b xxu||||| |||| 00| 0 eng d | ||
| 020 | _a0-442-22669-1 | ||
| 040 | _c. | ||
| 082 | _a620.16 ENG'W | ||
| 100 |
_aWoldmam, N. E Gibbons, R. C _974006 |
||
| 245 | _aEngineering alloys | ||
| 250 | _a5TH | ||
| 260 |
_aNEWYORK _bVON NOSTRAND _c1973 |
||
| 300 | _aXI, 1426P | ||
| 942 |
_cBK _2ddc |
||
| 999 |
_c579594 _d579594 |
||